Statistics for Most Common US Last Names Starting With E

Click here to take the quiz!

General Stats

  • This quiz has been taken 245 times
  • The average score is 3 of 7

Answer Stats

#name% Correct
317,070Edwards
89%
342,237Evans
82%
181,934Ellis
73%
80,936Erickson
41%
132,457Elliott
40%
92,831Estrada
14%
79,322Espinoza
11%

Score Distribution

Percentile by Number Answered

Percent of People with Each Score

Your Score History

You have not taken this quiz